Miloš Sedláček : fotografie a grafika /

Hlavní autor: Sedláček, Miloš, 1956-
Korporativní autor: Galerie umění (Karlovy Vary, Česko)
Další autoři: Hejduk, Pavel, 1948-, Becherova vila (Karlovy Vary, Česko)
Jazyk: Čeština
Vydáno: [Karlovy Vary] : Galerie umění Karlovy Vary, příspěvková organizace Karlovarského kraje, 2025
Témata:
Fyzický popis: 6 nečíslovaných stran : barevné ilustrace ; 21 cm
Knihy
Uloženo v:
LEADER 02261nam a2200565 i 4500
001 nkc20253677632
003 CZ PrNK
005 20250410064214.0
007 ta
008 250319s2025 xr a e c 000 0dcze
020 |a 978-80-88319-76-4  |q (list) 
040 |a BOA001  |b cze  |e rda 
043 |a e-xr--- 
045 |a y-y- 
072 7 |a 77  |x Fotografie. Fotografické postupy  |2 Konspekt  |9 21 
080 |a 77.04  |2 MRF 
080 |a 76(437.3)  |2 MRF 
080 |a 7.036/.038  |2 MRF 
080 |a (437.3)  |2 MRF 
080 |a (083.824)  |2 MRF 
100 1 |a Sedláček, Miloš,  |d 1956-  |7 mzk2013769732  |4 art 
245 1 0 |a Miloš Sedláček :  |b fotografie a grafika /  |c text: Pavel Hejduk 
246 3 0 |a Fotografie a grafika 
264 1 |a [Karlovy Vary] :  |b Galerie umění Karlovy Vary, příspěvková organizace Karlovarského kraje,  |c 2025 
300 |a 6 nečíslovaných stran :  |b barevné ilustrace ;  |c 21 cm 
336 |a text  |b txt  |2 rdacontent 
336 |a statický obraz  |b sti  |2 rdacontent 
337 |a bez média  |b n  |2 rdamedia 
338 |a list  |b nb  |2 rdacarrier 
500 |a Vydáno k výstavě Miloš Sedláček a Vratislav Ševčík, fotografie a grafika konané 6.3.-13.4.2025 v interaktivní galerii Becherova vila 
500 |a Životopisná data 
500 |a 300 výtisků 
600 1 7 |a Sedláček, Miloš,  |d 1956-  |7 mzk2013769732  |2 czenas 
648 7 |a 21. století  |7 ch460559  |2 czenas 
650 0 7 |a umělecká fotografie  |7 ph126879  |z Česko  |y 21. století  |2 czenas 
650 0 7 |a česká grafika  |7 ph128116  |y 21. století  |2 czenas 
650 0 7 |a moderní umění  |7 ph115340  |z Česko  |2 czenas 
650 0 9 |a artistic photography  |z Czechia  |y 21st century  |2 eczenas 
650 0 9 |a Czech prints  |y 21st century  |2 eczenas 
650 0 9 |a modern art  |z Czechia  |2 eczenas 
655 7 |a katalogy výstav  |7 fd132536  |2 czenas 
655 9 |a exhibition catalogs  |2 eczenas 
700 1 |a Hejduk, Pavel,  |d 1948-  |7 xx0066398  |4 wfw 
710 2 |a Galerie umění (Karlovy Vary, Česko)  |7 kn20010724243  |4 isb 
710 2 |a Becherova vila (Karlovy Vary, Česko)  |7 kv2010597357  |4 orm 
910 2 |a BOA001  |b 2-1543.112 
990 |a BK 
995 |a 61 
991 |b 202504  |c NOV 
996 6 |b 2610999774  |c 2-1543.112  |l MZK  |r Sklad / do 1 hodiny  |n 0  |p p.v.  |w 002000914  |u 000010  |a 1  |e BOA001  |j MZK50  |s P